000 01763nam a2200517 i 4500
001 20014
003 KOSZ 005
005 20230206142908.0
008 000114s1980 pl a |000 0 pol
015 _aUWD 1981/1202
035 _a991012470439705066
035 _a(PL-WaBN)b13375325-48omnis_nlop
035 _ab13375325
035 _a(OCoLC)830250884
035 _a(PL)b0000001337532
035 _a(EXLNZ-48OMNIS_NETWORK)9910098095905606
040 _aWA N
_cWA N
_dKR U
_dWA N
_dKOSZ 005/HR
041 0 _apol
_brus
_beng
046 _k1980
080 _a624.012.4
080 _a620.179
080 _a621.386
100 1 _aRunkiewicz, Leonard
_d(1939-2023)
_eAutor
245 1 0 _aRadiografia konstrukcji budowlanych z betonu /
_cLeonard Runkiewicz.
260 _aWarszawa :
_bWydaw-a ITB,
_c1980.
300 _a152 s. :
_bil., tab., wykr. ;
_c24 cm.
336 _aTekst
_btxt
_2rdacontent
337 _aBez urządzenia pośredniczącego
_bn
_2rdamedia
338 _aWolumin
_bnc
_2rdacarrier
380 _aKsiążki
388 _a1901-2000
388 _a1945-1989
490 1 _aPrace Naukowe Instytutu Techniki Budowlanej. Monografie
504 _aBibliogr. s. 93-98.
546 _aStreszcz. ros., ang.
650 7 _aDefektoskopia rentgenowska
_2DBN
650 7 _aKonstrukcje betonowe
_2DBN
650 7 _aMetody badawcze
_2DBN
658 _aArchitektura i budownictwo
658 _aInżynieria i technika
710 2 _aInstytut Techniki Budowlanej
_4pbl
830 0 _aPrace Naukowe Instytutu Techniki Budowlanej.
_pMonografie
856 _uhttp://koha.tu.koszalin.pl/cgi-bin/koha/opac-detail.pl?biblionumber=20014
_yKatalog online BPK
942 _2UKD
_cKS
999 _c20014
_d20014